00599nam a2200169 a 4500001001000000003000900010005001700019007000300036008004100039040002500080082001600105245005600121260008400177300003000261500009400291600004400385000028396DO-SdBNP20220812113731.0ta110408s1939 dr c 000 0 spa d aDO-SdBNPbspacBNPHU a923.2bR69600aCentenario de ML. Rodríguez Objio : b1838-1938 / aCiudad Trujillo, República Dominicana :bImprenta J. R. Vda. García,c1939. a39 p. :bretr., ;c24 cm. aEl ejemplar 3 fue dedicado por familiar apellido Objio a Federico Henríquez y Carvajal. 4aRodríguez Objío, Manuel,d1838-1871